=LDR 00000nam 2200000 4500 =001 INLIS000000000039753 =005 20130612145349 =008 ***********************************Ind** =035 ##$$a0010-061300000039753 =041 ##$$a Ind =082 ##$$a 813 =090 ##$$a 813, Col b.1 =100 ##$$a Sandy Rideout =245 ##$$a Buket Pengantin Ketiga Belas, Yasmin Hadibroto =260 ##$$a 2005 $b Jakarta =300 ##$$a 520 hlm, 18 cm =700 ##$$a Yasmine Hadibroto =850 ##$$a NBPNMAT =990 ##$$a 90660/BPAP-NTB/2014 =990 ##$$a 90661/BPAP-NTB/2014